| 000 | 00623nam a22001937a 4500 | ||
|---|---|---|---|
| 005 | 20180711154035.0 | ||
| 010 | _aENG-123509 | ||
| 020 |
_a9789381626177 _c350.00 |
||
| 035 | _aEN-107041 | ||
| 037 | _bDBAD/PUB | ||
| 082 | _a305.4209515 | ||
| 100 | _aSam, Canyon | ||
| 245 |
_aSky Train : _cby Canyon Sam _btibetan women on the edge of history / |
||
| 260 |
_aNew Delhi _bTranquebar Press _c2009 |
||
| 270 |
_a4323/3, Ansari Road, Daryaganj, _bNew Delhi _e110002 |
||
| 300 |
_a348p. _c20cm.(pbk) _bill. |
||
| 500 | _aForeword by his holiness the 14th dalai lama | ||
| 942 |
_2ddc _cEN _h305.4209515 _mSAM |
||
| 999 |
_c153838 _d153838 |
||